Biến đổi khí hậu

Spremljeno u:
Bibliografski detalji
Glavni autor: Nguyễn, Văn Đức
Format: Knjiga
Izdano: Hà Nội Khoa học và kỹ thuật
Teme:
Oznake: Dodaj oznaku
Bez oznaka, Budi prvi tko označuje ovaj zapis!
Thư viện lưu trữ: Trung tâm Học liệu Lê Vũ Hùng, Trường Đại học Đồng Tháp
LEADER 00678pam a22002538a 4500
001 00037473
005 20171026081025.0
008 170513s ||||||Viesd
041 0 # |a Vie 
082 1 4 |a 551.68  |b B305Đ 
100 1 # |a Nguyễn, Văn Đức 
245 1 0 |a Biến đổi khí hậu  |c Nguyễn Văn Đức 
260 # # |a Hà Nội  |b Khoa học và kỹ thuật 
300 # # |a 409tr  |c 27cm. 
653 # # |a Khí hậu 
852 # # |b Kho đọc  |j KD.1000322 
910 |d 13/05/2017 
980 # # |a Trung tâm Học liệu Lê Vũ Hùng, Trường Đại học Đồng Tháp